La guerra secreta / (Record no. 75296)

MARC details
000 -LEADER
campo de control de longitud fija 00606nam a2200205 i 4500
001 - NÚMERO DE CONTROL
campo de control 75296
003 - IDENTIFICADOR DE NÚMERO DE CONTROL
campo de control ES-MaACL
005 - FECHA Y HORA DE LA ÚLTIMA TRANSACCIÓN
campo de control 20230906172411.0
007 - CAMPO FIJO DE DESCRIPCIÓN FÍSICA--INFORMACIÓN GENERAL
campo de control de longitud fija t|
008 - DATOS DE LONGITUD FIJA--INFORMACIÓN GENERAL
campo de control de longitud fija 040923s1963 sp ||||1| spa d
100 1# - ENTRADA PRINCIPAL--NOMBRE DE PERSONA
Nombre de persona Gramont, Sanche de.
9 (RLIN) 59544
245 13 - MENCIÓN DEL TÍTULO
Título La guerra secreta /
Mención de responsabilidad, etc. por Sanche de Gramont ; [versión española de Jaime Piñeiro].
260 ## - PUBLICACIÓN, DISTRIBUCIÓN, ETC.
Lugar de publicación, distribución, etc. Barcelona, etc. :
Nombre del editor, distribuidor, etc. Bruguera,
Fecha de publicación, distribución, etc. [1963]
300 ## - DESCRIPCIÓN FÍSICA
Extensión 567 p. ;
Dimensiones 24 cm.
490 1# - MENCIÓN DE SERIE
Mención de serie Círculo rojo
700 1# - ENTRADA AGREGADA--NOMBRE PERSONAL
Nombre de persona Piñeiro, Jaime.
9 (RLIN) 92259
830 0# - PUNTO DE ACCESO ADICIONAL DE SERIE-TÍTULO UNIFORME
Título uniforme Círculo rojo
9 (RLIN) 187125
852 ## - LOCALIZACIÓN
Ubicación ES-MaACL
Número de control de estantería C-22909
Sublocalización o colección R.51691
Holdings
Estatus retirado Estado de pérdida Estado de daño No para préstamo Biblioteca de origen Biblioteca actual Ubicación en estantería Fecha de adquisición Fuente de adquisición Total de préstamos Signatura topográfica completa Código de barras Visto por última vez Precio de reemplazo Tipo de ítem Koha
        Biblioteca del Ateneo de Madrid Biblioteca del Ateneo de Madrid Depósito 2 17/01/2008     C-22909 1078811 23/02/2023 23/02/2023 Libro impreso